COMPREHENSIVE CHEMISTRY FOR CLASS XII (Record no. 8626)

MARC details
000 -LEADER
fixed length control field 00454nam a22001697a 4500
005 - DATE AND TIME OF LATEST TRANSACTION
control field 20240902111051.0
008 - FIXED-LENGTH DATA ELEMENTS--GENERAL INFORMATION
fixed length control field 240902b |||||||| |||| 00| 0 eng d
020 ## - INTERNATIONAL STANDARD BOOK NUMBER
ISBN 978-21-318-0859-7
041 ## - LANGUAGE CODE
Language code of text/sound track or separate title eng
082 ## - DEWEY DECIMAL CLASSIFICATION NUMBER
Classification number 540
100 ## - MAIN ENTRY--AUTHOR NAME
Personal name VERMA,DR.N.K & KHANNA, S.K. AND KAPILA, DR.B.
245 ## - TITLE STATEMENT
Title COMPREHENSIVE CHEMISTRY FOR CLASS XII
260 ## - PUBLICATION, DISTRIBUTION, ETC. (IMPRINT)
Place of publication BENGALURU
Name of publisher LAXMI PUBLICATION P. LTD.
300 ## - PHYSICAL DESCRIPTION
Number of Pages A.72;P
650 ## - SUBJECT ADDED ENTRY--TOPICAL TERM
Topical Term BMLT
942 ## - ADDED ENTRY ELEMENTS (KOHA)
Koha item type Books
Holdings
Lost status Damaged status Collection code Home library Current library Shelving location Date acquired Source of acquisition Cost, normal purchase price Serial Enumeration / chronology Full call number Accession Number Koha item type
    Bachelor of Medical Laboratory Technology JRU Library JRU Library SHELF-72-A 30/08/2024 PURCHASE 1149.00 NEW ARRIVALS SHELF 540 28387 Books
    PARAMEDICAL JRU Library JRU Library SHELF-104-A 30/08/2024 PURCHASE 1149.00   540 28388 Books